[Event "20th Karpov Poikovsky 2019"]
[Site "Poikovsky"]
[Date "2019.06.06"]
[Round "1.1"]
[White "Fedoseev, Vladimir"]
[Black "Kovalev, Vladislav"]
[Result "1/2-1/2"]
[WhiteElo "2680"]
[BlackElo "2661"]
[Annotator "TA"]
[PlyCount "46"]
[EventDate "2019.06.06"]
[EventType "tourn"]
[EventCountry "RUS"]
[SourceTitle "playchess.com"]
[Source "ChessBase"]
[SourceQuality "1"]

{[%evp 15,46,1,18,7,21,10,42,42,45,33,23,0,25,0,0,0,0,6,0,0,0,0,0,-37,-7,-43,-43,-34,-18,-20,0,-15,0]} 1. e4 e5 2. Nf3 Nc6 3. Bb5 a6 4. Ba4 Nf6 5. O-O Be7 6. Bxc6 dxc6 7. d3 Nd7 8. b3 c5 9. Bb2 {C85: Closed Ruy Lopez: Deferred Exchange Variation} Bd6 10. Nfd2 $146 ({Predecessor:} 10. Nbd2 O-O 11. Nc4 Re8 12. Nfd2 Nf8 13. Qh5 b5 14. Nxd6 cxd6 15. f4 exf4 16. Rxf4 Be6 {½-½ (46) Bologan,V (2672)-Hracek,Z (2635) Tromsoe 2013}) 10... b5 11. a4 {White is slightly better.} Rb8 12. axb5 axb5 13. Qg4 Qf6 14. f4 Qg6 15. Qxg6 hxg6 16. Nf3 {[%cal Rf4e5]} exf4 17. Bxg7 Rh5 {[#] White must now prevent ...f6.} 18. Bc3 f6 19. Ra5 Ne5 20. Nbd2 (20. Bxe5 $5 fxe5 21. h3 $11) 20... Nc6 {...b4 is the strong threat.} 21. Raa1 Ke7 22. Rfe1 Bd7 23. h3 Re8 {Accuracy: White = 44%, Black = 36%.} 1/2-1/2

[Event "20th Karpov Poikovsky 2019"]
[Site "Poikovsky"]
[Date "2019.06.06"]
[Round "1.2"]
[White "Mamedov, Rauf"]
[Black "Artemiev, Vladislav"]
[Result "1/2-1/2"]
[WhiteElo "2650"]
[BlackElo "2761"]
[Annotator "TA"]
[PlyCount "78"]
[EventDate "2019.06.06"]
[EventType "tourn"]
[EventCountry "RUS"]
[SourceTitle "playchess.com"]
[Source "ChessBase"]
[SourceQuality "1"]

{[%evp 9,78,18,33,31,37,35,26,31,38,36,37,27,29,27,36,20,56,55,53,35,54,25,43,16,49,2,22,0,29,-7,7,16,8,6,20,29,41,38,37,27,24,16,21,0,42,42,46,46,46,46,47,46,46,46,40,25,25,25,25,19,19,2,2,2,9,0,9,0,0,0,9]} 1. e4 c6 2. d4 d5 3. exd5 cxd5 4. Bd3 Nc6 5. c3 e6 6. Nf3 {B13: Caro-Kann: Exchange Variation and Panov-Botvinnik Attack} Bd6 7. O-O Nge7 8. Re1 {White has an edge.} O-O 9. Ng5 (9. Na3 f6 10. Nb5 Bb8 11. c4 Nb4 12. Bf1 dxc4 13. Bxc4 Nbd5 {0-1 (37) Anand,V (2773)-Ganguly,S (2615) Kolkata 2018}) 9... g6 10. Nf3 Nf5 $146 ({Predecessor:} 10... f6 11. Bh6 Rf7 12. Nbd2 {1-0 (31) Brichacek,M (2048)-Vinklarek,V (2129) ICCF email 2004}) 11. Nbd2 {[%cal Bb1d2,Bd2f1,Bf1e3][%mdl 32]} Re8 12. Nf1 Nh4 13. Ne3 Nxf3+ 14. Qxf3 h5 15. Bd2 (15. g4 $5 {[%cal Rg4h5]}) 15... Bd7 16. h3 Bf8 17. Rad1 (17. g4 {feels hotter.} h4 18. Re2 a6 19. Rae1 Rc8 20. Ng2) 17... Bg7 18. Bc1 b5 19. b4 a5 20. a3 axb4 21. axb4 Ne7 22. g4 hxg4 23. Nxg4 Nf5 24. Ne5 Rc8 25. Bxf5 exf5 26. Qxd5 Bxe5 (26... Be6 {is more complex.} 27. Qxd8 Rcxd8 28. Bg5 f6 29. Nc6 Rd7) 27. dxe5 Bc6 28. Qxd8 Rcxd8 29. Bf4 Bf3 30. Rxd8 Rxd8 $14 {[%mdl 4096] Endgame KRB-KRB} 31. Kh2 Rd3 32. Re3 Rxe3 33. Bxe3 $11 {KB-KB} Kf8 34. Kg3 Bd5 {The position is equal.} 35. Kf4 Ke7 36. h4 Ke6 37. Bd4 Bc4 38. Kg5 Be2 39. Kf4 Bd3 {Accuracy: White = 55%, Black = 69%.} 1/2-1/2

[Event "20th Karpov Poikovsky 2019"]
[Site "Poikovsky"]
[Date "2019.06.06"]
[Round "1.3"]
[White "Jakovenko, Dmitry"]
[Black "Esipenko, Andrey"]
[Result "1-0"]
[WhiteElo "2704"]
[BlackElo "2611"]
[Annotator "TA"]
[PlyCount "59"]
[EventDate "2019.06.06"]
[EventType "tourn"]
[EventCountry "RUS"]
[SourceTitle "playchess.com"]
[Source "ChessBase"]
[SourceQuality "1"]

{[%evp 15,59,13,20,22,31,31,31,31,31,31,31,31,31,31,38,28,29,36,34,29,29,36,34,31,31,42,114,77,206,184,181,186,206,154,212,206,214,211,207,203,311,311,312,308,556,552]} 1. e4 e5 2. Nf3 Nc6 3. Bb5 a6 4. Ba4 Nf6 5. O-O Be7 6. d3 b5 7. Bb3 d6 8. a4 Bd7 9. c3 {C84: Closed Ruy Lopez: Unusual White 6th moves} Na5 10. Bc2 c5 11. d4 {White is slightly better.} Qb8 12. Bg5 h6 13. Bh4 Be6 14. Nbd2 O-O 15. h3 Rc8 16. Bg3 $36 {[%cal Rd4e5][%mdl 2048] White is pushing.} cxd4 17. cxd4 {[#]} Nh5 $146 18. Bh2 $1 {[%cal Rd4e5]} Nf4 19. Bxf4 exf4 20. Re1 Bf6 (20... bxa4 $14 21. d5 Bd7) 21. e5 $16 Be7 {[#]} (21... dxe5 $16 {keeps fighting.} 22. dxe5 Be7) 22. d5 $1 $18 {[%cal Rd5e6][%mdl 512]} Bxd5 {[#]} 23. Ne4 $1 Rxc2 24. exd6 Bxd6 (24... Bxe4 $16 25. Rxe4 {[%mdl 64] Double Attack} Nb3) 25. Nxd6 ({Don't take} 25. Qxc2 $6 Bb4 $16) 25... Qxd6 26. Qxc2 {Hoping for axb5.} bxa4 27. Rxa4 Nc6 {[#]} (27... Bxf3 $142 28. gxf3 (28. Rxa5 Bb7 $16) 28... Nb7) 28. Rxa6 $1 {[%mdl 512]} Rc8 (28... Rxa6 29. Re8+) 29. Qd2 Qc5 $2 (29... Qd7 {is a better defense.} 30. Ra3 Qf5) 30. Rc1 {Accuracy: White = 100%, Black = 46%.} 1-0

[Event "20th Karpov Poikovsky 2019"]
[Site "Poikovsky"]
[Date "2019.06.06"]
[Round "1.4"]
[White "Sasikiran, Krishnan"]
[Black "Wang, Hao"]
[Result "1/2-1/2"]
[WhiteElo "2673"]
[BlackElo "2737"]
[Annotator "TA"]
[PlyCount "46"]
[EventDate "2019.06.06"]
[EventType "tourn"]
[EventCountry "RUS"]
[SourceTitle "playchess.com"]
[Source "ChessBase"]
[SourceQuality "1"]

{[%evp 15,46,28,32,22,20,19,29,20,33,-1,27,0,20,12,16,18,23,24,27,20,29,16,31,15,25,12,19,19,12,0,0,6,17]} 1. e4 e5 2. Nf3 Nc6 3. Bb5 Nf6 4. d3 d6 5. O-O Bd7 6. c3 g6 7. Re1 Bg7 8. Nbd2 O-O 9. Ba4 {C66: Ruy Lopez: Steinitz Defence} Re8 (9... Nh5 10. Nf1 Kh8 11. h3 f5 12. exf5 gxf5 13. d4 e4 14. Ng5 Nf6 15. d5 Ne5 16. Bxd7 Qxd7 {1-0 (42) Caruana,F (2804)-Kramnik,V (2812) Paris 2016}) 10. Nf1 Na5 $146 ({Predecessor:} 10... h6 11. Ng3 d5 12. h3 Na5 13. d4 exd4 14. e5 dxc3 15. exf6 Bxa4 16. Qxa4 Rxe1+ 17. Nxe1 Qxf6 {½-½ (60) Stany,G (2517)-Karthikeyan,M (2560) Kolkata 2019}) 11. Bc2 {White has an edge.} c5 12. h3 Nc6 13. Ne3 h6 14. Nh2 Be6 15. Nhg4 h5 16. Nxf6+ Bxf6 17. Bb3 Bg5 18. Rf1 Kg7 19. Bxe6 Rxe6 20. Nd5 {aiming for Bxg5.} Bxc1 $1 {The position is equal.} 21. Rxc1 {Threatening f4.} Ne7 22. Qb3 Nxd5 23. Qxd5 Qe7 {Accuracy: White = 48%, Black = 32%.} 1/2-1/2

[Event "20th Karpov Poikovsky 2019"]
[Site "Poikovsky"]
[Date "2019.06.06"]
[Round "1.5"]
[White "Korobov, Anton"]
[Black "Saric, Ivan"]
[Result "1-0"]
[WhiteElo "2687"]
[BlackElo "2680"]
[Annotator "TA"]
[PlyCount "75"]
[EventDate "2019.06.06"]
[EventType "tourn"]
[EventCountry "RUS"]
[SourceTitle "playchess.com"]
[Source "ChessBase"]
[SourceQuality "1"]

{[%evp 12,75,-4,0,14,8,8,5,16,37,35,27,31,25,56,38,61,67,114,99,103,106,104,106,128,120,126,128,131,110,160,125,167,172,177,157,271,263,254,272,347,342,535,528,631,621,804,797,906,414,392,408,434,434,426,397,395,381,887,897,1061,1010,974,917,29988,29989]} 1. d4 Nf6 2. c4 e6 3. Nc3 Bb4 4. Nf3 b6 5. Qc2 Bb7 6. a3 Bxc3+ 7. Qxc3 a5 {E21: Nimzo-Indian: 4 Nf3} (7... O-O 8. e3 d5 9. b3 Nbd7 10. Be2 c5 11. O-O Rc8 12. Bb2 Ne4 13. Qc2 cxd4 14. exd4 Nd6 15. Nd2 Qf6 16. Rac1 Nf5 17. Qd3 {½-½ (63) Yu,Y (2751)-Kryvoruchko,Y (2689) Riadh 2017}) 8. b3 O-O 9. e3 Ne4 {The position is equal.} 10. Qc2 f5 11. Be2 Ng5 $146 ({Predecessor:} 11... d6 12. O-O Nd7 13. Bb2 Qe7 14. Nd2 Qh4 15. f3 Ng5 16. Qc3 Rf6 17. g3 Qh5 18. h4 Nf7 19. Kf2 g5 20. f4 g4 {½-½ (20) Skomorokhin,R (2382)-Jovanovic,D (2396) Budapest 2015}) 12. Bb2 d6 13. d5 e5 14. Nd2 Qf6 15. f4 Nf7 16. O-O Nd7 17. e4 Qh6 18. exf5 exf4 19. Nf3 Nfe5 20. Nd4 $1 g5 21. Ne6 Rf6 22. Rad1 Rc8 23. b4 {And now c5 would win.} axb4 (23... Ba6 $16 24. Bd4 Qh4) 24. axb4 $18 Qh4 {intending ...Rh6.} 25. h3 c6 {[#]} 26. Ra1 $1 f3 (26... Rf7 {was worth a try.} 27. Ra7 Nf6) 27. Bxf3 cxd5 28. Ra7 g4 29. Bxg4 (29. Rxb7 gxf3 30. Rxd7 Nxd7 $14) 29... Rxc4 30. Qf2 (30. Qd2 $142) 30... Qxf2+ 31. Rxf2 ({Weaker is} 31. Kxf2 Bc6 $16) 31... Bc6 32. b5 Bxb5 {[#]} 33. Ra8+ $1 Nf8 34. Be2 Rb4 $2 (34... Bc6) 35. Bxb5 Rxb5 36. Bxe5 dxe5 37. Rf3 {White wants to mate with Rg3+.} h5 38. Rg3+ {Accuracy: White = 91%, Black = 17%.} 1-0

[Event "20th Karpov Poikovsky 2019"]
[Site "Poikovsky"]
[Date "2019.06.07"]
[Round "2.1"]
[White "Artemiev, Vladislav"]
[Black "Jakovenko, Dmitry"]
[Result "1/2-1/2"]
[WhiteElo "2761"]
[BlackElo "2704"]
[Annotator "TA"]
[PlyCount "105"]
[EventDate "2019.06.06"]
[EventType "tourn"]
[EventCountry "RUS"]
[SourceTitle "playchess.com"]
[Source "ChessBase"]
[SourceQuality "1"]

{[%evp 9,105,-10,-11,-3,0,-6,14,2,11,0,6,0,0,0,0,0,0,0,0,-6,0,-2,0,-4,0,-18,-8,-10,-16,-25,0,0,0,0,0,-16,0,0,0,0,16,12,19,10,10,12,20,17,18,0,14,15,18,15,18,9,19,8,7,0,0,0,0,0,24,4,36,18,50,40,95,84,91,53,49,23,40,0,0,0,0,0,0,0,0,0,0,0,0,0,0,0,0,0,0,0,0,0]} 1. d4 Nf6 2. Bg5 d5 3. Nd2 c5 4. e3 Nc6 5. Ngf3 cxd4 6. exd4 {D00: 1 d4 d5: Unusual lines} Qb6 7. Nb3 Bf5 (7... Ne4 8. Bf4 Bg4 9. Be2 e6 10. O-O Be7 11. c3 O-O {1-0 (41) Carlsen,M (2861)-Wei,Y (2736) Abidjan 2019}) 8. c3 e6 $146 ({Predecessor:} 8... Ne4 9. Be3 e6 10. Be2 Bd6 11. O-O h6 12. c4 {½-½ (12) Mogranzini,R (2104)-Castaldo,F (2304) Bratto 2001}) 9. Bf4 Be7 10. Be2 a5 {aiming for ...a4.} 11. a4 Ne4 12. O-O O-O 13. Re1 Rad8 14. Ra2 Bd6 15. Bxd6 Nxd6 16. Nbd2 Rfe8 17. Bf1 Bg4 18. h3 Bh5 19. Qb1 Bg6 20. Bd3 Bxd3 21. Qxd3 f6 22. Nf1 Nc4 23. Ne3 Qb3 24. Raa1 Nb4 (24... Nd6 {keeps more tension.} 25. Nd2 Qb6 26. Nc2 Qa6 27. Qf3 Qb6) 25. Qb1 Nc6 26. Nxc4 Qxc4 27. Re3 Qa6 28. Qe1 Kf7 29. Qb1 Kg8 30. Qc2 Re7 31. Rae1 Rde8 32. h4 Nd8 33. h5 Nf7 34. Nh4 Qd6 35. Qe2 {[#] Threatens to win with Nf5!} Nh6 36. g3 e5 37. dxe5 (37. Qb5 {seems wilder.} e4 38. Qxa5 Rc8 39. b3 f5 40. c4) 37... Rxe5 38. Qd3 Qc5 39. Rxe5 Rxe5 (39... fxe5 $14 40. Rd1 Rd8) 40. Rxe5 $16 fxe5 41. Nf5 Nxf5 42. Qxf5 $14 {[%mdl 4096] Endgame KQ-KQ} Qe7 $1 43. Kg2 h6 $1 {The position is equal.} 44. Kf1 Qe8 45. b3 b5 46. Qd3 bxa4 47. Qxd5+ Kh8 $1 48. bxa4 Qxa4 49. Kg2 e4 50. c4 Qc2 51. Qf5 Qxc4 52. Qxa5 e3 53. fxe3 {Accuracy: White = 59%, Black = 63%.} 1/2-1/2

[Event "20th Karpov Poikovsky 2019"]
[Site "Poikovsky"]
[Date "2019.06.07"]
[Round "2.2"]
[White "Wang, Hao"]
[Black "Korobov, Anton"]
[Result "1/2-1/2"]
[WhiteElo "2737"]
[BlackElo "2687"]
[Annotator "TA"]
[PlyCount "31"]
[EventDate "2019.06.06"]
[EventType "tourn"]
[EventCountry "RUS"]
[SourceTitle "playchess.com"]
[Source "ChessBase"]
[SourceQuality "1"]

{[%evp 12,31,30,20,28,23,29,28,28,18,23,12,25,8,17,11,22,21,41,41,58,0]} 1. d4 d5 2. c4 c6 3. Nf3 Nf6 4. e3 e6 5. Bd3 Nbd7 6. b3 Bd6 7. Bb2 b6 {A06: Réti Opening:1 Nf3 d5} 8. O-O Bb7 9. Nbd2 O-O {White has an edge.} 10. Qe2 (10. Ne5 c5 11. cxd5 exd5 12. f4 Re8 13. Qf3 cxd4 14. exd4 {½-½ (63) Riazantsev,A (2649)-Timofeev,A (2589) St Petersburg 2018}) 10... Re8 11. Rac1 Qc7 12. Rfd1 Rad8 13. Nf1 $146 ({Predecessor:} 13. h3) 13... Ne4 14. Ng3 Ndf6 15. Ne5 c5 16. a3 ({White should try} 16. Nf1 $14) 1/2-1/2

[Event "20th Karpov Poikovsky 2019"]
[Site "Poikovsky"]
[Date "2019.06.07"]
[Round "2.3"]
[White "Fedoseev, Vladimir"]
[Black "Mamedov, Rauf"]
[Result "1/2-1/2"]
[WhiteElo "2680"]
[BlackElo "2650"]
[Annotator "TA"]
[PlyCount "92"]
[EventDate "2019.06.06"]
[EventType "tourn"]
[EventCountry "RUS"]
[SourceTitle "playchess.com"]
[Source "ChessBase"]
[SourceQuality "1"]

{[%evp 10,92,25,13,24,15,26,27,33,19,36,25,40,14,32,12,6,0,33,12,13,-166,-123,-204,-205,-222,-222,-222,-220,-222,-216,-241,-239,-238,-234,-238,-226,-244,-239,-244,-244,-254,-252,-262,-263,-264,-254,-271,-262,-251,-182,-191,-176,-317,-310,-289,-303,-317,-97,-91,-104,-89,-95,-88,-86,-1441,-1425,-1281,-1213,-948,-210,-191,-230,-222,-230,-235,-235,-224,-221,-210,0,-142,0,-203,0]} 1. e4 c5 2. Nf3 Nc6 3. Bb5 g6 4. O-O Bg7 5. Bxc6 dxc6 6. d3 b6 {B31: Sicilian: 2...Nc6 3 Bb5 g6} (6... Nf6 7. Nc3 Qc7 8. Be3 b6 9. h3 e5 10. a3 O-O 11. b4 cxb4 12. axb4 Nh5 13. Na4 Be6 14. Ng5 Bd7 15. c4 {½-½ (31) Maghsoodloo,P (2671)-Grandelius,N (2688) Malmo 2019}) 7. a4 a5 8. h3 Nf6 {White has an edge.} 9. Nc3 Nd7 $146 ({Predecessor:} 9... O-O 10. Be3 e5 11. Nb1 Re8 12. Nbd2 Ba6 13. Qb1 Nd7 14. Qa2 Nf8 15. Nc4 Qc7 16. Rad1 h6 17. Nh2 Ne6 18. g3 b5 {0-1 (48) Becerra Rivero,J (2370)-Hernandez Onna,R (2430) Matanzas 1992}) 10. Be3 e5 11. Nh2 Nf8 12. Qd2 Ne6 13. Bh6 Bf6 14. Ng4 g5 $1 15. g3 $2 (15. Nd1 $11) 15... Rg8 $19 16. Nd1 (16. Kg2 $17 {was necessary.}) 16... Nd4 17. Kg2 Bxg4 $1 18. hxg4 Bh8 $1 19. Ne3 Qf6 20. Qd1 Qxh6 21. c3 Ne6 22. Rh1 Qf6 23. Rxh7 O-O-O 24. Qb3 Kc7 $1 (24... Rxd3 25. Qxb6 Rxe3 26. Qa6+ (26. fxe3 Qg6 $11) (26. Qxc6+ Kb8 $11) 26... Kb8 27. Qb6+ (27. fxe3 Qg6 $11) 27... Kc8 28. Qxc6+ (28. fxe3 Qg6 $11) 28... Kb8 29. Qb5+ Kc8 30. fxe3 $11) (24... Qg6 25. Rah1 $16) 25. Qc4 {If White can now play b4 this consolidates a bit.} Bg7 26. Nf5 Kb7 27. Rb1 {intending b4.} Bf8 28. Rc1 Rd7 29. b4 axb4 30. cxb4 Nd4 31. bxc5 (31. Nxd4 $142 cxd4 32. Rch1) 31... Nxf5 ({Don't take} 31... Bxc5 32. a5 $19) 32. gxf5 {Threatens to win with Rb1.} Bxc5 33. a5 Qd6 $2 (33... Ba3 $19 {is more deadly.} 34. Ra1 b5) 34. axb6 $17 Bxb6 35. Rxf7 Rgd8 $1 36. Rd1 g4 {And now ...Qh6 would win.} 37. f3 $2 {[%mdl 8192]} (37. Rb1 $17) 37... gxf3+ $19 ({Weaker is} 37... Qh6 38. fxg4 Qe3 39. Rxd7+ Rxd7 40. Qa2 $11) 38. Kxf3 Qh6 39. Kg2 {[#]} Qe3 $2 (39... Qh5 $1 40. Rxd7+ Rxd7) 40. Qa2 Rxf7 41. Qxf7+ Kb8 42. Qa2 Rxd3 43. Qg8+ {[#]} Kb7 $1 44. Qf7+ Kb8 $2 ({Black should try} 44... Bc7 $1 $19 {( -> ...Qf3+)} 45. Rb1+ Kc8 $1 {[%mdl 512]} 46. Qe6+ (46. Qe8+ $2 Rd8 $19) 46... Rd7) 45. Qg8+ {[#]} (45. Qe8+ $11 Kb7 46. Qe7+ Ka6 47. Ra1+ Ba5 48. Qxe5 Qf3+ 49. Kg1) 45... Kb7 $1 46. Qf7+ {[#]} Kb8 $2 {Accuracy: White = 37%, Black = 69%.} (46... Bc7 $1 $19 47. Rb1+ {[#]} Kc8 $1 {[%mdl 512]} 48. Qe8+ Rd8 49. Qe6+ Rd7) 1/2-1/2

[Event "20th Karpov Poikovsky 2019"]
[Site "Poikovsky"]
[Date "2019.06.07"]
[Round "2.4"]
[White "Kovalev, Vladislav"]
[Black "Saric, Ivan"]
[Result "1/2-1/2"]
[WhiteElo "2661"]
[BlackElo "2680"]
[Annotator "TA"]
[PlyCount "129"]
[EventDate "2019.06.06"]
[EventType "tourn"]
[EventCountry "RUS"]
[SourceTitle "playchess.com"]
[Source "ChessBase"]
[SourceQuality "1"]

{[%evp 13,128,4,11,17,20,20,25,23,24,19,15,16,19,13,16,13,16,17,25,0,0,0,0,0,0,0,0,0,0,0,0,0,0,7,0,0,0,0,0,0,0,-8,0,0,0,-18,0,-24,-26,-16,-16,-20,-35,-66,-65,-72,-72,-72,-72,-120,-56,-68,-8,-27,-8,-8,-7,-8,0,0,0,0,0,0,0,0,0,0,0,0,0,0,0,0,0,0,0,0,0,0,0,0,0,0,0,0,0,0,0,0,0,0,0,0,0,0,0,0,0,0,0,0,0,0,0,0,0]} 1. e4 c5 2. Nf3 d6 3. Bb5+ Nd7 4. d4 cxd4 5. Qxd4 a6 6. Bxd7+ Bxd7 7. Nc3 e5 8. Qd3 {B51: Sicilian: Moscow Variation (3 Bb5+) without 3...Bd7} Rc8 9. O-O h6 10. Nd2 {White has an edge.} Qc7 11. Rd1 Bg4 12. f3 Be6 13. Nf1 Nf6 14. Ne3 Be7 15. a4 O-O {[#]} 16. Bd2 $146 Rfd8 17. Kh1 Bc4 18. Nxc4 Qxc4 19. Qxc4 Rxc4 20. Be1 d5 21. exd5 Bb4 22. h3 Bxc3 23. Bxc3 Rxd5 24. Rxd5 Nxd5 25. Bxe5 Rxc2 $11 {[%mdl 4096] Endgame KRB-KRN} 26. Rd1 Ne3 27. Rd8+ Kh7 28. Rd7 Kg6 29. Rxb7 Nxg2 30. b4 Nh4 31. Bg3 Nf5 32. Bb8 f6 33. Rb6 Kg5 34. Rxa6 {[#]} Kh4 $1 {[%cal Rh4h3]} 35. Kg1 Kxh3 36. b5 {[#]} Ne3 (36... Ng3 $1 $17 37. Bxg3 Kxg3) 37. Rc6 $1 $15 {[%cal Rc6c2] Black must now prevent Rxc2.} Rg2+ 38. Kh1 Ra2 {( -> ...Ra1+)} 39. Rc1 $132 {[%mdl 2048] The position is equal. White is not keeping still} Rxa4 {And now ...Rb4 would win.} 40. Rb1 Nd5 (40... Ra8 {keeps more tension.} 41. Bd6 Nc4 42. Bc7 Ra3 43. b6 Na5) 41. Kg1 $1 Ra2 42. Rb3 Ra8 43. Bd6 Rd8 44. Bc5 Ra8 45. b6 Ra1+ 46. Kf2 Ra2+ 47. Kf1 Ra1+ 48. Kf2 Ra2+ 49. Kf1 Ra1+ 50. Ke2 Ra2+ 51. Kd3 {b7 is the strong threat.} Nxb6 $1 52. Rxb6 $11 {KRB-KR} h5 53. Bf8 Kg2 54. Bxg7 h4 55. Bxf6 h3 $1 56. Be5 Kxf3 57. Rf6+ Kg2 58. Rh6 Ra3+ 59. Ke2 Ra2+ 60. Ke1 Ra5 61. Rg6+ Kh1 62. Bf4 h2 63. Ke2 Ra2+ 64. Kf3 Rf2+ 65. Kxf2 {Accuracy: White = 74%, Black = 87%.} 1/2-1/2

[Event "20th Karpov Poikovsky 2019"]
[Site "Poikovsky"]
[Date "2019.06.07"]
[Round "2.5"]
[White "Esipenko, Andrey"]
[Black "Sasikiran, Krishnan"]
[Result "1/2-1/2"]
[WhiteElo "2611"]
[BlackElo "2673"]
[Annotator "TA"]
[PlyCount "52"]
[EventDate "2019.06.06"]
[EventType "tourn"]
[EventCountry "RUS"]
[SourceTitle "playchess.com"]
[Source "ChessBase"]
[SourceQuality "1"]

{[%evp 13,52,18,18,8,29,22,24,0,0,0,0,0,28,27,23,16,16,17,14,-23,-8,-18,-14,-15,-27,-50,-25,-78,-77,-60,-81,-64,-71,-75,-70,-75,-32,-44,-9,-9,-12]} 1. e4 e5 2. Nf3 Nc6 3. Bb5 a6 4. Ba4 Nf6 5. O-O Be7 6. d3 b5 7. Bb3 d6 8. a3 {C84: Closed Ruy Lopez: Unusual White 6th moves} Be6 (8... O-O 9. Nc3 Na5 10. Ba2 Be6 11. b4 Bxa2 12. Rxa2 Nc6 13. Bg5 Ng4 14. Bd2 Nf6 15. Re1 Qd7 16. Nd5 Nxd5 17. exd5 {½-½ (37) Anand,V (2774)-Svidler,P (2735) Karlsruhe/Baden Baden 2019}) 9. Bxe6 fxe6 10. c4 {White has an edge.} bxc4 11. Qa4 Qd7 $1 12. Qxc4 d5 $146 ({Predecessor:} 12... O-O 13. Nc3 Rfb8 14. b4 d5 15. Qa2 d4 {0-1 (43) Kulaots,K (2570)-Nyback,T (2594) Puhajarve 2015}) 13. Qc2 dxe4 14. dxe4 Nd4 15. Nxd4 exd4 16. e5 Nd5 $36 {[%mdl 2048] Black has good play.} 17. Nd2 O-O 18. Ne4 c5 19. Nxc5 Rfc8 20. b4 (20. Qa4 $1 $11 {remains equal.} Qxa4 21. Nxa4) 20... Bxc5 $17 21. bxc5 Nc3 22. Bd2 Rxc5 {[#] ...Ne2+ is the strong threat.} 23. Qd3 Qb5 24. Qh3 Qc6 ({Much worse is} 24... Rxe5 $6 25. Bxc3 dxc3 26. Qxc3 $11) 25. Rae1 Rd8 26. f4 $1 g6 {Accuracy: White = 45%, Black = 68%.} 1/2-1/2

[Event "20th Karpov Poikovsky 2019"]
[Site "Poikovsky"]
[Date "2019.06.08"]
[Round "3.1"]
[White "Sasikiran, Krishnan"]
[Black "Artemiev, Vladislav"]
[Result "1-0"]
[WhiteElo "2673"]
[BlackElo "2761"]
[Annotator "TA"]
[PlyCount "69"]
[EventDate "2019.06.06"]
[EventType "tourn"]
[EventCountry "RUS"]
[SourceTitle "playchess.com"]
[Source "ChessBase"]
[SourceQuality "1"]

{[%evp 14,68,20,19,60,50,40,20,29,49,43,26,19,35,21,15,64,69,64,62,84,79,83,54,250,242,327,328,367,386,342,378,792,783,885,877,874,863,1900,1852,5389,2410,29986,29987,29987,29988,29988,29987,29987,29988,29988,29989,29989,29990,29997,29998,29999]} 1. e4 c5 2. Nf3 d6 3. d4 cxd4 4. Nxd4 Nf6 5. Nc3 a6 6. f3 e6 7. Be3 b5 {[%cal Bb7b5,Bb5b4][%mdl 32]} 8. Qd2 b4 {B80: Sicilian Scheveningen: 6 g3 and 6 Be3, including English Attack} 9. Na4 Nbd7 10. O-O-O Qa5 {The position is equal.} 11. b3 Bb7 12. a3 Qc7 $1 13. axb4 d5 14. Bf2 $36 {[%mdl 2048] Threatening Bg3. White has good play.} Bd6 {[#]} 15. Bg3 $146 ({Predecessor:} 15. exd5 Nxd5 16. Bg3 {1-0 (36) Nakamura,H (2781)-Grandelius,N (2647) Caleta 2018}) 15... Bxg3 16. hxg3 dxe4 17. g4 $1 Nd5 18. Bc4 Ne5 $2 {[#]} (18... exf3 $1 $14 19. gxf3 N5b6) 19. Bxd5 $1 $18 ({Not} 19. fxe4 Nf6 $14) 19... exd5 20. fxe4 dxe4 21. Nf5 O-O 22. Qc3 Rfc8 $2 (22... Rac8 23. Nc5 f6) 23. Nc5 f6 24. Qh3 h6 {[#]} 25. g5 $1 {[%mdl 512]} fxg5 {[#]} 26. Rd7 $3 {[%mdl 512] Nxh6+! would kill now.} Nxd7 {[#]} 27. Nxh6+ $1 {[%mdl 512]} gxh6 28. Qe6+ {[%mdl 64] Double Attack. White mates.} Kg7 29. Qxh6+ {[%mdl 64] Double Attack} Kf7 30. Qe6+ Kg7 {[#]} 31. Qe7+ $1 Kg6 32. Qh7+ Kf6 33. Nxd7+ Ke6 34. Qg6+ {[%mdl 64] Double Attack} Kd5 35. Rd1# {Accuracy: White = 92%, Black = 34%.} 1-0